Online Catalogue and eLibrary

The new feminist criticism : (Record no. 1760)

MARC details
000 -LEADER
fixed length control field 00262nam a2200097Ia 4500
008 - FIXED-LENGTH DATA ELEMENTS--GENERAL INFORMATION
fixed length control field 240331s9999 xx 000 0 und d
082 ## - DDC Classification
Item Number - Author Mark NEW
100 ## - MAIN ENTRY--PERSONAL NAME
Personal name Showalter, E. ed
245 #4 - TITLE STATEMENT
Title The new feminist criticism :
Remainder of title essays on women, literature and theory
942 ## - Koha item type (Biblio)
Koha item type Books in Stacks (Lending)

No items available.

© WERC Library